Вторые по Величине Города Стран - Statistics

General Stats
  • This quiz has been taken 24 times
  • The average score is 36 of 188
Answer Stats
Страна Столица % Correct
Россия Санкт-Петербург
91%
Франция Марсель
82%
Китай Пекин
77%
Италия Милан
77%
Польша Краков
77%
Испанияю Барселона
77%
Германия Гамбург
73%
Индия Дели
73%
Нидерланды Роттердам
73%
Португалия Порту
73%
Украина Харьков
73%
Беларусь Гомель
68%
Бельгия Антверпен
68%
Израиль Тель-Авив
68%
Канада Монреаль
64%
Казахстан Астана
64%
Швейцария Женева
64%
Австрия Грац
59%
Эстония Тарту
59%
Австралия Мельбурн
55%
Бразилия Рио-де-Жанейро
55%
Грузия Батуми
55%
Греция Салоники
55%
Литва Каунас
55%
Турция Анкара
55%
Великобритания Бирмингем
55%
Вьетнам Ханой
55%
Болгария Пловдив
50%
Молдова Тирасполь
50%
Сербия Нови-Сад
50%
Южно-Африканская Республика Кейптаун
50%
Объединëнные Арабские Эмираты Абу-Даби
50%
Соединённые Штаты Америки Лос-Анджелес
50%
Чехия Брно
45%
Норвегия Берген
45%
Армения Гюмри
41%
Египет Александрия
41%
Венгрия Дебрецен
41%
Мексика Гвадалахара
41%
Новая Зеландия Веллингтон
41%
Словения Марибор
41%
Южная Корея Пусан
41%
Хорватия Сплит
36%
Ирак Мосул
36%
Ирландия Корк
36%
Киргизия Ош
36%
Пакистан Лахор
36%
Колумбия Медельин
32%
Латвия Даугавпилс
32%
Ливан Триполи
32%
Афганистан Кандагар
27%
Босния и Герцеговина Баня-Лука
27%
Дания Орхус
27%
Доминиканская Республика Сантьяго
27%
Япония Иокогама
27%
Ливия Бенгази
27%
Сьерра-Леоне Бо
27%
Словакия Кошице
27%
Сирия Дамаск
27%
Йемен Аден
27%
Аргентина Кордова
23%
Азербайджан Сумгаит
23%
Кения Момбаса
23%
Мальта Моста
23%
Саудовская Аравия Джидда
23%
Алжир Оран
18%
Камерун Яунде
18%
Кипр Лимасол
18%
Эквадор Кито
18%
Финляндия Эспоо
18%
Мьянма Мандалай
18%
Туркмения Туркменабад
18%
Бангладеш Читтагонг
14%
Белиз Бельмопан
14%
Куба Сантьяго-де-Куба
14%
Индонезия Сурабая
14%
Лихтенштейн Вадуц
14%
Македония Куманово
14%
Судан Хартум
14%
Тайвань Гаосюн
14%
Таджикистан Худжанд
14%
Узбекистан Наманган
14%
Гондурас Сан-Педро-Сула
9%
Монголия Эрдэнэт
9%
Марокко Танжер
9%
Никарагуа Леон
9%
Панама Колон
9%
Филиппины Манила
9%
Румыния Клуж-Напока
9%
Таиланд Чиангмай
9%
Венесуэла Маракайбо
9%
Антигуа и Барбуда Сент-Джонс
5%
Бенин Порто-Ново
5%
Бурунди Гитега
5%
Эсватини Мбабане
5%
Эфиопия Гондэр
5%
Федеративные Штаты Микронезии Паликир
5%
Гана Кумаси
5%
Исландия Коупавогюр
5%
Ямайка Портмор
5%
Иордания Ирбид
5%
Косово Призрен
5%
Мальдивы Адду
5%
Черногория Никшич
5%
Нигерия Кано
5%
Северная Корея Хамхын
5%
Перу Арекипа
5%
Сенегал Туба
5%
Танзания Мванза
5%
Тунис Сфакс
5%
Андорра Эскальдес-Энгордань
0%
Ангола Лубанго
0%
Багамы Фрипорт
0%
Бахрейн Мухаррак
0%
Барбадос Спайтстаун
0%
Бутан Пхунчхолинг
0%
Боливия Эль-Альто
0%
Ботсвана Франсистаун
0%
Бруней Куала-Белайт
0%
Буркина-Фасо Бобо-Диуласо
0%
Камбоджа Сиемреап
0%
Кабо-Верде Минделу
0%
Центральноафриканская Республика Бимбо
0%
Чад Мунду
0%
Чили Пуэнте-Альто
0%
Коморы Муцамуду
0%
Коста-Рика Картаго
0%
Демократическая Республика Конго Лубумбаши
0%
Джибути Али-Сабих
0%
Доминика Портсмут
0%
Восточный Тимор Баукау
0%
Сальвадор Сояпанго
0%
Экваториальная Гвинея Малабо
0%
Эритрея Кэрэн
0%
Фиджи Насину
0%
Габон Порт-Жантиль
0%
Гамбия Брикама
0%
Гренада Гуяв
0%
Гватемала Кесальтенанго
0%
Гвинея Нзерекоре
0%
Гвинея-Бисау Габу
0%
Гайана Линден
0%
Гаити Карфур
0%
Иран Месхед
0%
Кот-д'Ивуар Буаке
0%
Кирибати Табурао
0%
Кувейт Эль-Ахмади
0%
Лаос Саваннакхет
0%
Лесото Теятеяненг
0%
Либерия Ганта
0%
Люксембург Эш-сюр-Альзетт
0%
Мадагаскар Туамасина
0%
Малави Блантайр
0%
Малайзия Каджанг
0%
Мали Сикасо
0%
Маршалловы Острова Эбейе
0%
Мавритания Нуадибу
0%
Маврикий Вакоас-Финикс
0%
Мозамбик Матола
0%
Намибия Уолфиш-Бей
0%
Нигер Маради
0%
Оман Эс-Сиб
0%
Папуа-Новая Гвинея Лаэ
0%
Парагвай Сьюдад-дель-Эсте
0%
Катар Эр-Райян
0%
Республика Конго Пуэнт-Нуар
0%
Руанда Гисеньи
0%
Сент-Китс и Невис Сэнди-Пойнт-Таун
0%
Сент-Люсия Бизи
0%
Сент-Винсент и Гренадины Барруалли
0%
Самоа Ваителе
0%
Сан-Марино Борго-Маджоре
0%
Сан-Томе и Принсипи Сан-Томе
0%
Сомали Харгейса
0%
Южный Судан Вау
0%
Шри-Ланка Дехивала-Маунт-Лавиния
0%
Суринам Лелидорп
0%
Того Сокоде
0%
Тонга Муа
0%
Тринидад и Тобаго Сан-Фернандо
0%
Уганда Кира
0%
Уругвай Сальто
0%
Вануату Люганвиль
0%
Замбия Ндола
0%
Зимбабве Булавайо
0%
Непал Покхара
0%
Албания Влëра
0%
Швеция Гëтеборг
0%
No matching quizzes found
Score Distribution
Percent of People with Each Score
Percentile by Number Answered
Your Score History
You have not taken this quiz